书目信息 |
| 题名: |
新数码摄影师手册
|
|
| 作者: | 安 著 ;金马 译 | |
| 分册: | ||
| 出版信息: | 北京 中国摄影出版社 2005 |
|
| 页数: | 387页 | |
| 开本: | 26cm | |
| 丛书名: | ||
| 单 册: | ||
| 中图分类: | TP391.41 , J41 | |
| 科图分类: | ||
| 主题词: | 数字照相机--摄影技术--基本知识 , 数字照相机 , 摄影技术 , 数字照相机--图象处理--基本知识 , 图象处理 | |
| 电子资源: | ||
| ISBN: | 7-80007-831-0 | |
| 000 | 01035nam0 2200301 450 | |
| 001 | 002998062 | |
| 005 | 20070803112623.87 | |
| 010 | @a7-80007-831-0@dCNY98.00 | |
| 100 | @a20050815d2005 em y0chiy0110 ea | |
| 101 | 1 | @achi@ceng |
| 102 | @aCN@b110000 | |
| 105 | @aa z 000yy | |
| 200 | 1 | @a新数码摄影师手册@9xin shu ma she ying shi shou ce@e数码摄影及后期制作@f(英)汤姆·安著@g金马译 |
| 210 | @a北京@c中国摄影出版社@d2005@h2006 | |
| 215 | @a387页@c图@d26cm | |
| 330 | @a本书介绍了专业的图片制作技巧及图片处理技术,内容包括:摄影概述、数字时代的摄影、摄影主题概述、基本转换、图片处理、图像输出过程等。 | |
| 517 | 1 | @a数码摄影及后期制作@9shu ma she ying ji hou qi zhi zuo |
| 606 | 0 | @a数字照相机@x摄影技术@x基本知识 |
| 606 | 0 | @a数字照相机 |
| 606 | 0 | @a摄影技术 |
| 606 | 0 | @a数字照相机@x图象处理@x基本知识 |
| 606 | 0 | @a图象处理 |
| 690 | @aTP391.41@v4 | |
| 690 | @aJ41@v4 | |
| 701 | 0 | @c(英)@a安@9an@c(Ang, Tom)@4著 |
| 702 | 0 | @a金马@9jin ma@c(翻译)@4译 |
| 801 | 0 | @aCN@bNLC@c20070803 |
| 905 | @a10447@dJ41@e216 | |
| 新数码摄影师手册:数码摄影及后期制作/(英)汤姆·安著/金马译.-北京:中国摄影出版社,2005(2006) |
| 387页:图;26cm |
| ISBN 7-80007-831-0:CNY98.00 |
| 本书介绍了专业的图片制作技巧及图片处理技术,内容包括:摄影概述、数字时代的摄影、摄影主题概述、基本转换、图片处理、图像输出过程等。 |
| ● |
| 相关链接 |
|
|
|
|
正题名:新数码摄影师手册
索取号:J41/216
 
预约/预借
| 序号 | 登录号 | 条形码 | 馆藏地/架位号 | 状态 | 备注 |
| 1 | 0801133 | 208011337 | 第一样本阅览室/ [索取号:J41/216] | 在馆 | |
| 2 | 0801134 | 208011346 | 第一借阅区/ [索取号:J41/216] | 在馆 | |
| 3 | 0801135 | 208011355 | 第一借阅区/ [索取号:J41/216] | 在馆 | |
| 4 | 0801136 | 208011364 | 第一借阅区/ [索取号:J41/216] | 在馆 | |
| 5 | 0801137 | 208011373 | 第一借阅区/ [索取号:J41/216] | 在馆 | |
| 6 | 0801138 | 208011382 | 密集书库-美术系/ [索取号:J41/216] | 在馆 | |
| 7 | 0801139 | 208011391 | 密集书库-美术系/ [索取号:J41/216] | 在馆 | |
| 8 | 0801140 | 208011408 | 密集书库-美术系/ [索取号:J41/216] | 在馆 |